Detalles MARC
| 000 -LIDER |
| fixed length control field |
03056nam a2200337 a 4500 |
| 001 - NÚMERO DE CONTROL |
| Identificador de número de control |
000003546 |
| 003 - IDENTIFICACDOR DE NÚMERO DE CONTROL |
| control field |
DO-SdBNP |
| 005 - DATE AND TIME OF LATEST TRANSACTION |
| control field |
20230213105058.0 |
| 007 - CAMPOS FIJOS DE DESCRIPCIÓN FÍSICA |
| fixed length control field |
000003546 |
| 008 - ELEMENTOS DE LONGITUD FIJA |
| fixed length control field |
090710s2001 dr abd 001 0 spa d |
| 020 ## - ISBN |
| International Standard Book Number |
9993481793 |
| 040 ## - FUENTE DE CATALOGACIÓN |
| Agencia que crea de manera original el registro |
BPMSU |
| Idioma de catalogación |
spa |
| Agencia que realiza la transcripción |
BPMSU |
| 082 #4 - NÚMERO DE CLASIFICACIÓN DECIMAL DE DEWEY |
| Classification number |
972.93 |
| Item number |
N964o 2001 |
| Edition number |
22 |
| 100 1# - ASIENTO PRINCIPAL -- NOMBRE PERSONAL |
| Nombre personal |
Núñez, Manuel |
| 245 13 - MENCIÓN DE TITULO |
| Título |
El ocaso de la nación dominicana / |
| Mención de responsabilidad |
Manuel Núñez. |
| 250 ## - MENCIÓN DE EDICION |
| Mención de edición |
2a. ed. corr. y aum. |
| 260 ## - PUBLICACIÓN, DISTRIBUCIÓN, ETC. (PIE DE IMPRENTA) |
| Lugar de publicación, distribución, etc |
Santo Domingo : |
| Nombre del editor, distribuidor, etc. |
Letra Gráfica, |
| Fecha de publicación, distribución, etc |
2001. |
| Fecha de impresión |
|
| 300 ## - DESCRIPCIÓN FÍSICA |
| Extensión |
714 p. : |
| Otros detalles físicos |
il., gráf., mapas, retrs. ; |
| Dimensiones |
24 cm. |
| 500 ## - NOTA GENERAL |
| Nota general |
|
| 500 ## - NOTA GENERAL |
| Nota general |
Incluye referencias bibliográficas e índice. |
| 504 ## - NOTA DE BIBLIOGRAFÍA, ETC. |
| Bibliography, etc |
Bibliografía: p. 683-701 |
| 505 0# - NOTA DE CONTENIDO |
| Texto normalizado de contenido |
Nota a la segunda edición -- |
| Título |
Nota preliminar -- |
| -- |
La traición de los intelectuales -- |
| -- |
Las naciones son mortales -- |
| -- |
Anexionismo e ideal de independencia -- |
| -- |
La guerra domínico-haitiana -- |
| -- |
La Nación puesta a prueba -- |
| -- |
La Nación y el Estado -- |
| -- |
La historia de larga duración -- |
| -- |
La sustitución de la población dominicana -- |
| -- |
La desnacionalización de la mano de obra -- |
| -- |
- La desnacionalización de la cultura -- |
| -- |
La desnacionalización del territorio -- |
| -- |
La desnacionalización de los registros civiles -- |
| -- |
El peso de los problemas haitianos en la República Dominicana -- |
| -- |
El desarrollo de estereotipos. ONU, OEA, organismos internacionales -- |
| -- |
Un estado caótico e ingobernable -- |
| -- |
Un país sin soberanía -- |
| -- |
Actividades antidominicanas -- |
| -- |
Los trastornos sanitarios producidos por la inmigración haitiana -- |
| -- |
El peso de los sin papeles en la educación -- |
| -- |
La política de los hechos consumados -- |
| -- |
El papel de los Estados Unidos como estado mediador. |
| 505 0# - NOTA DE CONTENIDO |
| Texto normalizado de contenido |
El poder transnacional del narcotráfico -- |
| Título |
La incompetencia de los dirigentes -- |
| -- |
La colonización -- |
| -- |
El factor demográfico -- |
| -- |
La historiografía sin el pueblo-Nación -- |
| -- |
Factor político: la batalla jurídica de los indocumentados -- |
| -- |
El lenguaje perverso -- |
| -- |
La raza contra la nación dominicana -- |
| -- |
La igualdad de las razas no suprime la diversidad de culturas -- |
| -- |
Factor económico: una temporada en el infierno neoliberal -- |
| -- |
La globalización contra la nación -- |
| -- |
La visión de Ignacio Ellacuría -- |
| -- |
Factor territorial: las limitaciones del territorio haitiano -- |
| -- |
De la colonización interior a la colonización exterior -- |
| -- |
La frontera invisible -- |
| -- |
Una mentalidad de asistidos sociales -- |
| -- |
Los propósitos de las ONG -- |
| -- |
El rechazo de lo dominicano -- |
| -- |
La Iglesia contra la Nación: el caso de los Jesuitas -- |
| -- |
La conciencia desgarrada -- |
| -- |
Samaná: el ejemplo histórico -- |
| -- |
La decadencia del patriotismo -- |
| -- |
Una isla: dos naciones -- |
| -- |
Price Mars o el racismo a lo Gobineau -- |
| -- |
La interpretación de la independencia -- |
| 590 ## - NOTA LOCAL |
| Enlace |
Inventariado, 2023/VM |
| 650 #4 - ENCABEZAMIENTO DE MATERIA--TEMÁTICO |
| Término temático o nombre geográfico como elemento de entrada |
Nacionalismo |
| 650 #4 - ENCABEZAMIENTO DE MATERIA--TEMÁTICO |
| Término temático o nombre geográfico como elemento de entrada |
Sociología histórica |
| 651 #4 - ENCABEZAMIENTO DE MATERIA--NOMBRE GEOGRÁFICO |
| Nombre geográfico |
REPÚBLICA DOMINICANA |
| Subdivisión temática general |
HISTORIA |
| 651 #4 - ENCABEZAMIENTO DE MATERIA--NOMBRE GEOGRÁFICO |
| Nombre geográfico |
República Dominicana |
| Subdivisión temática general |
Historiografía |
| 910 ## - VALIDACIÓN |
| Validación |
VMATEO V./Validado. Control de calidad |
| 942 ## - ADDED ENTRY ELEMENTS (KOHA) |
| Source of classification or shelving scheme |
Dewey Decimal Classification |
| Koha item type |
Libros |